Pantheon: journal for the study of religions (Record no. 38597)

MARC details
000 -LEADER
fixed length control field 00436nam a2200169Ia 4500
022 ## - INTERNATIONAL STANDARD SERIAL NUMBER
ISSN 18032443
050 ## - CALL MARK
Classification number BL 1 .P36/
245 #0 - TITLE STATEMENT
Title Pantheon: journal for the study of religions
260 ## - PUBLICATION, DISTRIBUTION, ETC. (IMPRINT)
Place of publication Czech Republic
260 ## - PUBLICATION, DISTRIBUTION, ETC. (IMPRINT)
Name of publisher University pardubice
260 ## - PUBLICATION, DISTRIBUTION, ETC. (IMPRINT)
Year of publication 2010
300 ## - PHYSICAL DESCRIPTION
Number of Pages 186 p. :ill. ; 24 cm.
650 ## - SUBJECT ADDED ENTRY--TOPICAL TERM
Topical Term Religions--Periodicals.
942 ## - ADDED ENTRY ELEMENTS (KOHA)
Koha item type Serials

No items available.